LEADER 00717nam0-22002771i-450- 001 990001265690403321 035 $a000126569 035 $aFED01000126569 035 $a(Aleph)000126569FED01 035 $a000126569 100 $a20000920d1903----km-y0itay50------ba 101 0 $aeng 200 1 $aLerhbuch der Thetafunktionen$fA. Krazer 210 $aLeipzig$cDruck und Verlag$d1903 300 $aBand 12 610 0 $aFunzioni theta 676 $a515.984 700 1$aKrazer,$bAdolf$08601 801 0$aIT$bUNINA$gRICA$2UNIMARC 901 $aBK 912 $a990001265690403321 952 $a3-F-36$b1236$fMA1 959 $aMA1 996 $aLerhbuch der Thetafunktionen$9379909 997 $aUNINA DB $aING01 LEADER 01151nas 2200409-a 450 001 996202281903316 005 20240610230609.0 011 $a1873-7730 035 $a(OCoLC)38524777 035 $a(CKB)954925472379 035 $a(CONSER)--2002238484 035 $a(DE-599)ZDB1492337-3 035 $a(EXLCZ)99954925472379 100 $a19980227a19819999 s-- a 101 0 $aeng 135 $aurcn||||||||| 181 $ctxt$2rdacontent 182 $cc$2rdamedia 183 $acr$2rdacarrier 200 10$aApplied geography 210 $a[Oxford] ;$a[New York] $cPergamon 300 $aIndex and table of contents for 1995- also available online. 300 $aRefereed/Peer-reviewed 311 $a0143-6228 517 $aApplied geography 531 $aAPPL. GEOGR 531 $aAPPLIED GEOGRAPHY AN INTERNATIONAL JOURNAL 531 $aAPPL GEOGR 606 $aGeography$vPeriodicals 606 $aGeography$2fast$3(OCoLC)fst00940469 608 $aPeriodicals.$2fast 615 0$aGeography 615 7$aGeography. 906 $aJOURNAL 912 $a996202281903316 996 $aApplied Geography$9679836 997 $aUNISA LEADER 01309nam 2200373z- 450 001 9910694341703321 005 20070822095628.0 035 $a(CKB)5860000000033371 035 $a(BIP)017102644 035 $a(EXLCZ)995860000000033371 100 $a20220406c2007uuuu -u- - 101 0 $aeng 200 10$aRussia $erebuilding the Iron Curtain : hearing before the Committee on Foreign Affairs, House of Representatives, One Hundred Tenth Congress, first session, May 17, 2007 215 $a1 online resource (iii, 50 p.) $cill 311 $a0-16-079119-7 517 $aRussia 606 $aDemocracy$zRussia (Federation) 606 $aPolitical leadership$zRussia (Federation) 607 $aRussia (Federation)$xPolitics and government$y1991- 607 $aRussia (Federation)$xEconomic policy 607 $aRussia (Federation)$xMilitary policy 607 $aUnited States$xForeign relations$zRussia (Federation) 607 $aRussia (Federation)$xForeign relations$zUnited States 610 $aDemocracy 610 $aPolitical leadership 610 $aRussia (federation) 610 $aUnited States 610 $aPolitical science 615 0$aDemocracy 615 0$aPolitical leadership 906 $aBOOK 912 $a9910694341703321 996 $aRussia$9168897 997 $aUNINA